000 00397nam a2200145Ia 4500
008 210210b1987 xxu||||| |||| 00| 0 eng d
082 _a321.80954 GUPI
100 _aGUPTA (R L).
245 _aIndian constitution & government.
260 _aND
_bSultan Chand & Sons
_c1987
300 _axvi,271
650 _aIndian constitution
690 _aIndian Constitution & Government
906 _a041339
999 _c91263
_d91263